<?xml version="1.0" encoding="UTF-8"?>
<collection xmlns="http://www.loc.gov/MARC21/slim">
<record>
  <controlfield tag="001">165977</controlfield>
  <controlfield tag="005">20260116163026.0</controlfield>
  <datafield tag="024" ind1="7" ind2=" ">
    <subfield code="2">doi</subfield>
    <subfield code="a">10.55422/bbmp.1115</subfield>
  </datafield>
  <datafield tag="024" ind1="8" ind2=" ">
    <subfield code="2">sideral</subfield>
    <subfield code="a">147289</subfield>
  </datafield>
  <datafield tag="037" ind1=" " ind2=" ">
    <subfield code="a">ART-2025-147289</subfield>
  </datafield>
  <datafield tag="041" ind1=" " ind2=" ">
    <subfield code="a">spa</subfield>
  </datafield>
  <datafield tag="100" ind1=" " ind2=" ">
    <subfield code="a">Martín Zorraquino, Maria Antonia</subfield>
    <subfield code="u">Universidad de Zaragoza</subfield>
    <subfield code="0">(orcid)0000-0002-1119-3974</subfield>
  </datafield>
  <datafield tag="245" ind1=" " ind2=" ">
    <subfield code="a">Luis Beltrán Almería: el intelectual que miraba hacia el este y se convirtió así en un excepcional teórico de la liteatura</subfield>
  </datafield>
  <datafield tag="260" ind1=" " ind2=" ">
    <subfield code="c">2025</subfield>
  </datafield>
  <datafield tag="520" ind1="3" ind2=" ">
    <subfield code="a">La presente contribución constituye una presentación de la vida académica de Luis Beltrán Almería (catedrático de Teoría de la Literatura y Literatura Comparada de la Universidad de Zaragoza), con motivo de su 70 cumpleaños. Tras una breve referencia a su formación secundaria y universitaria, se presta especial atención a su tesis doctoral, que versó sobre el llamado discurso indirecto libre, con referencia al discurso del personaje en la novela española moderna, para cuya elaboración ha sido esencial la teoría de los géneros del discurso y de la novela de Mijaíl Bajtín, del que Beltrán Almería es un excelente especialista en España. Se pasa revista a la dedicación docente e investigadora de Beltrán Almería, precisando las disciplinas de las que se ha ocupado, las tesis doctorales y proyectos de investigación que ha dirigido, y, en fin, los temas que le han ocupado en su brillante y extensa producción científica.</subfield>
  </datafield>
  <datafield tag="506" ind1="0" ind2=" ">
    <subfield code="a">Access copy available to the general public</subfield>
    <subfield code="f">Unrestricted</subfield>
  </datafield>
  <datafield tag="540" ind1=" " ind2=" ">
    <subfield code="9">info:eu-repo/semantics/openAccess</subfield>
    <subfield code="a">by-nc</subfield>
    <subfield code="u">https://creativecommons.org/licenses/by-nc/4.0/deed.es</subfield>
  </datafield>
  <datafield tag="655" ind1=" " ind2="4">
    <subfield code="a">info:eu-repo/semantics/article</subfield>
    <subfield code="v">info:eu-repo/semantics/publishedVersion</subfield>
  </datafield>
  <datafield tag="710" ind1="2" ind2=" ">
    <subfield code="1">3013</subfield>
    <subfield code="2">567</subfield>
    <subfield code="a">Universidad de Zaragoza</subfield>
    <subfield code="b">Dpto. Lingüíst.y Liter.Hispán.</subfield>
    <subfield code="c">Área Lengua Española</subfield>
  </datafield>
  <datafield tag="773" ind1=" " ind2=" ">
    <subfield code="g">101, 3 (2025), 15-35</subfield>
    <subfield code="p">Bol. Bibl. Menéndez Pelayo</subfield>
    <subfield code="t">Boletín de la Biblioteca de Menéndez Pelayo</subfield>
    <subfield code="x">0006-1646</subfield>
  </datafield>
  <datafield tag="856" ind1="4" ind2=" ">
    <subfield code="s">222054</subfield>
    <subfield code="u">http://zaguan.unizar.es/record/165977/files/texto_completo.pdf</subfield>
    <subfield code="y">Versión publicada</subfield>
  </datafield>
  <datafield tag="856" ind1="4" ind2=" ">
    <subfield code="s">1092759</subfield>
    <subfield code="u">http://zaguan.unizar.es/record/165977/files/texto_completo.jpg?subformat=icon</subfield>
    <subfield code="x">icon</subfield>
    <subfield code="y">Versión publicada</subfield>
  </datafield>
  <datafield tag="909" ind1="C" ind2="O">
    <subfield code="o">oai:zaguan.unizar.es:165977</subfield>
    <subfield code="p">articulos</subfield>
    <subfield code="p">driver</subfield>
  </datafield>
  <datafield tag="951" ind1=" " ind2=" ">
    <subfield code="a">2026-01-16-14:54:05</subfield>
  </datafield>
  <datafield tag="980" ind1=" " ind2=" ">
    <subfield code="a">ARTICLE</subfield>
  </datafield>
</record>
</collection>